书目信息 |
| 题名: |
广东生态景观树种栽培技术
|
|
| 作者: | 张方秋 主编 | |
| 分册: | ||
| 出版信息: | 北京 中国林业出版社 2012 |
|
| 页数: | 422页 | |
| 开本: | 26cm | |
| 丛书名: | ||
| 单 册: | ||
| 中图分类: | S727.5 | |
| 科图分类: | ||
| 主题词: | 风景林--树种--栽培--广东省 , 树种 , 风景林 , 栽培技术 | |
| 电子资源: | ||
| ISBN: | 978-7-5038-6594-7 | |
| 000 | 01155nam0 2200289 45 | |
| 001 | 1338840062 | |
| 005 | 20130514151623.51 | |
| 010 | @a978-7-5038-6594-7@dCNY199.00 | |
| 100 | @a20130108d2012 em y0chiy50 ea | |
| 101 | 0 | @achi |
| 102 | @aCN@b110000 | |
| 105 | @aa z 001yy | |
| 106 | @ar | |
| 200 | 1 | @a广东生态景观树种栽培技术@AGuang Dong Sheng Tai Jing Guan Shu Zhong Zai Pei Ji Shu@dCultivation techniques of ecological landscape trees in Guangdong province@f张方秋[等]主编@FZhang Fang Qiu [ Deng ] Zhu Bian@zeng |
| 210 | @a北京@c中国林业出版社@d2012 | |
| 215 | @a422页@c彩照@d26cm | |
| 304 | @a主编还有:李小川、潘文、周平 | |
| 330 | @a本书详细阐述了适合广东省营建生态景观林的121个树种,包括其形态特征、近缘种或品种、生态特性、观赏鱼造景、栽培技术等内容,并配有树形、枝叶、花型等方面的图片。 | |
| 510 | 1 | @aCultivation techniques of ecological landscape trees in Guangdong province@zeng |
| 606 | 0 | @a风景林@x树种@x栽培@y广东省 |
| 606 | 0 | @a树种 |
| 606 | 0 | @a风景林 |
| 606 | 0 | @a栽培技术 |
| 690 | @aS727.5@v5 | |
| 701 | 0 | @a张方秋@AZhang Fang Qiu@4主编 |
| 801 | @aCN@bTANGWEI@c20130108 | |
| 905 | @b0828567-71@dS727.5@e55@f5 | |
| 广东生态景观树种栽培技术=Cultivation techniques of ecological landscape trees in Guangdong province/张方秋[等]主编.-北京:中国林业出版社,2012 |
| 422页:彩照;26cm |
| ISBN 978-7-5038-6594-7:CNY199.00 |
| 本书详细阐述了适合广东省营建生态景观林的121个树种,包括其形态特征、近缘种或品种、生态特性、观赏鱼造景、栽培技术等内容,并配有树形、枝叶、花型等方面的图片。 |
| ● |
| 相关链接 |
|
|
|
|
正题名:广东生态景观树种栽培技术
索取号:S727.5/55
 
预约/预借
| 序号 | 登录号 | 条形码 | 馆藏地/架位号 | 状态 | 备注 |
| 1 | 0828567 | 208285675 | 第二样本阅览室/ [索取号:S727.5/55] | 在馆 | |
| 2 | 0828568 | 208285684 | 第三借阅区/ [索取号:S727.5/55] | 在馆 | |
| 3 | 0828569 | 208285693 | 第三借阅区/ [索取号:S727.5/55] | 在馆 | |
| 4 | 0828570 | 208285700 | 第三借阅区/ [索取号:S727.5/55] | 在馆 | |
| 5 | 0828571 | 208285719 | 第三借阅区/ [索取号:S727.5/55] | 在馆 |